| 000 | 01682nam a22004577a 4500 | ||
|---|---|---|---|
| 001 | 000096829 | ||
| 003 | CHAP | ||
| 005 | 20220817044141.0 | ||
| 008 | 070208d2006 mx r 00110 spa d | ||
| 010 | _a93295 | ||
| 011 | _a94267 | ||
| 035 | _a104853 | ||
| 040 | _cCHAP | ||
| 090 | _aTesis | ||
| 100 | 1 |
_aLozano Alejo, Nanci _968730 |
|
| 245 | 1 | 0 |
_aCaracterización de carotenoides y aptitud para botanas de maíces amarillos criollos, normales y de alta calidada proteínica (Zea mays L.) / _c/por Nanci Lozano Alejo. |
| 260 |
_aChapingo, Méx. : _bEl autor, _c2006. |
||
| 300 |
_a115 h. : _bgráfs.; cuadros. |
||
| 502 | _aTesis (Ing. Agroindustrial) - - UACH. Departamento de Ingeniería Agróindustrial | ||
| 590 |
_aALEPH _b10 _c20130110 _lUCH01 _h1516 |
||
| 590 |
_aBATCH-UPD _b10 _c20130110 _lUCH01 _h0809 |
||
| 590 |
_aBATCH-UPD _b10 _c20130410 _lUCH01 _h0446 |
||
| 590 |
_aBATCH-UPD _b10 _c20130914 _lUCH01 _h0212 |
||
| 590 |
_aBATCH-UPD _b10 _c20140324 _lUCH01 _h1501 |
||
| 590 |
_aBATCH-UPD _b10 _c20141002 _lUCH01 _h0833 |
||
| 590 |
_aCONVERSION _b10 _c20130109 _lUCH01 _h1352 |
||
| 590 |
_aE11695DGD _b10 _c20130529 _lUCH01 _h1338 |
||
| 650 | 1 | 4 |
_aAlimentos _xValor nutritivo. _94298 |
| 650 | 1 | 4 |
_aCarotenoides. _919267 |
| 650 | 1 | 4 |
_aMaíz _xAnálisis. _970861 |
| 650 | 1 | 4 |
_aMaíz _xValor nutritivo. _971080 |
| 650 | 1 | 4 |
_aMaíz _xVariedades. _971081 |
| 650 | 1 | 4 | _aTriptofano. |
| 856 |
_3Finding aid _uhttp://10.13.5.2/tesis/104853.pdf _zTeclea aquí |
||
| 901 | _aBK | ||
| 905 | _aElisama A. H. | ||
| 942 | _cCD | ||
| 942 | _n0 | ||
| 949 |
_aTesis _bBC _cTES _d33724002007149 _eTS2 _fc.2 _h46378 _i104853 _sb |
||
| 949 |
_aTesis _bBC _cTES _d33724002007181 _eTS1 _h46377 _i104853 _sb |
||
| 999 |
_c93295 _d93295 |
||